header

From superpower to besieged global power (Record no. 212908)

MARC details
000 -LEADER
fixed length control field 01955nam a2200433Ia 4500
245 00 - TITLE STATEMENT
Title From superpower to besieged global power
260 ## - PUBLICATION, DISTRIBUTION, ETC. (IMPRINT)
Place of publication Athens :
Name of publisher University of Georgia Press,
Year of publication c2008.
300 ## - PHYSICAL DESCRIPTION
Number of Pages xxiii, 411 p.
490 1# - SERIES STATEMENT
Series statement Studies in security and international affairs
650 #0 - SUBJECT ADDED ENTRY--TOPICAL TERM
Topical Term Great powers
700 1# - ADDED ENTRY--PERSONAL NAME
Personal name Kanet, Roger E.,
Personal name Kolodziej, Edward A.
856 40 - ELECTRONIC LOCATION AND ACCESS
Uniform Resource Identifier http://site.ebrary.com/lib/rucke/Doc?id=10367049

No items available.

© 2026 Rongo University
Contact us: librarian | system librarian | Rongo university